|
|
|
|
| LEADER |
00843nam a2200217 a 4500 |
| 001 |
4452621 |
| 008 |
090618r20001995nyua b 001 0 eng d |
| 010 |
|
|
|a 95033153
|
| 020 |
|
|
|a 8176491764
|
| 040 |
|
|
|a DLC
|c DLC
|d DLC
|
| 082 |
0 |
0 |
|a 658.4/092
|2 21
|
| 100 |
1 |
|
|a Blank, Warren.
|
| 245 |
1 |
4 |
|a The 9 natural laws of leadership /
|c Warren Blank.
|
| 260 |
|
|
|a New York;
|a New Delhi :
|b AMACOM;
|b VIVA Books Private Ltd.,
|c c1995(reprinted 2000).
|
| 300 |
|
|
|a xv, 240 p. :
|b ill. ;
|c 24 cm.
|
| 504 |
|
|
|a Includes bibliographical references (p. 231-234) and index.
|
| 541 |
1 |
|
|e 00013352
|
| 650 |
|
0 |
|a Leadership.
|
| 852 |
4 |
|
|a Ayesha Abed Library
|j General Shelf.
|
| 999 |
|
|
|c 1800
|d 1800
|
| 952 |
|
|
|0 0
|1 0
|2 ddc
|4 0
|6 658_409200000000000_BLA
|7 0
|9 1649
|a BRACUL
|b BRACUL
|c GEN
|d 2009-06-29
|g 705.00
|l 4
|m 11
|o 658.4092 BLA
|p 3010013352
|r 2025-03-09
|s 2025-02-24
|t 1
|w 2009-06-29
|y BK
|